| 000 | 01066nam a2200265 a 4500 | ||
|---|---|---|---|
| 001 | 000020496 | ||
| 005 | 20200930011123.0 | ||
| 008 | 101216s1991 sp 000 0 spa d | ||
| 020 | _a8436806158 (Piramide) | ||
| 020 | _a8486168635 (F.G.S.R.) | ||
| 040 |
_aDO-SdBNP _bspa _cBNPHU |
||
| 082 |
_axxxx _bC277s |
||
| 100 | 1 |
_aCaridad, Mercedes _943193 |
|
| 245 | 1 | 3 |
_aLos sistemas de hipertexto e hipermedios : _buna nueva aplicación en informática documental / _cMercedes Caridad, Purificación Moscoso; prólogo Manuel Carrión Gútiez. |
| 260 |
_aMadrid, Salamanca : _bFundación Germán Sánchez Ruipérez, _bEdiciones Pirámide, _c1991. |
||
| 300 |
_a153 p. ; _c22 cm. |
||
| 490 | 0 | _aBiblioteca del Libro | |
| 504 | _aBibliografía p: 147-153 | ||
| 500 | _aIncluye referencias biográficas de las autoras en la solapa. | ||
| 650 | 0 |
_aAutomatización de bibliotecas _943194 |
|
| 650 | 0 |
_aSistemas de hipertexto _917469 |
|
| 700 | 1 |
_aMoscoso, Purificación _943195 |
|
| 700 | 1 |
_aCarrión Gútiez, Manuel _eprol. _943196 |
|
| 830 | 0 |
_aBiblioteca del Libro _97397 |
|
| 999 |
_c20000 _d20000 |
||